Películas con la mayor recaudacion - Estadísticas

Estadísticas generales
  • Esta prueba ha sido intentada 235 veces
  • La puntuación promedio es 7 de 15
Estadísticas de respuestas
Año de Estremo Pelicula Recaudación (USD) % Correcto
1997 Titanic $ 2 187 463 944
88%
2009 Avatar $ 2 787 965 087
85%
2012 The Avengers $ 1 518 812 988
62%
2015 Avengers: Age of Ultron $ 1 405 403 694
60%
2019 Avengers: Endgame $ 2 797 800 564
60%
2018 Avengers: Infinity War $ 2 048 359 754
60%
2015 Star Wars: Episodio VII - El Despertar de la Fuerza $ 2 068 223 624
51%
2017 Star Wars: Episodio VIII - Los Últimos Jedis $ 1 332 539 889
51%
2011 Harry Potter Y las Reliquias de la muerte: Parte 2 $ 1 341 693 157
40%
2019 Frozen II $ 1 446 213 939
32%
2015 Jurassic World $ 1 671 713 208
26%
2019 El Rey León $ 1 656 943 394
25%
2018 Jurassic World: El Reino Caído $ 1 309 484 461
25%
2018 Black Panther $ 1 346 913 161
16%
2015 Fast And Furious 7 $ 1 516 045 911
12%
No se encontraron pruebas coincidentes
Distribución de puntuación
Porcentaje de gente con cada puntuación
Porcentaje por número respondido
Historial de tus puntuaciones
No has intentado esta prueba.